|
|
|
|
| LEADER |
01065cam a2200277 a 4500 |
| 001 |
4289107 |
| 003 |
GR-PaULI |
| 005 |
20240722090809.0 |
| 008 |
851031s1984 enka b 001 0 eng |
| 010 |
|
|
|a 85223253
|
| 020 |
|
|
|a 0586084347
|c
|
| 040 |
|
|
|a DLC
|c DLC
|d DLC
|b gre
|e AACR2
|
| 082 |
0 |
4 |
|a 700.943
|2 23
|
| 100 |
|
|
|a Cardinal, Roger
|e συγγραφέας.
|9 86695
|
| 245 |
1 |
0 |
|a Expressionism /
|c Roger Cardinal.
|
| 260 |
|
|
|a London :
|b Paladin,
|c 1984.
|
| 300 |
|
|
|a 151 σ. :
|b εικ. ;
|c 20 εκ.
|
| 490 |
1 |
|
|a Paladin movements and ideas
|
| 500 |
|
|
|a
|
| 504 |
|
|
|a Περιλαμβάνει βιβλιογραφία και ευρετήριο.
|
| 650 |
|
4 |
|a Εξπρεσιονισμός (Τέχνη)
|9 27978
|
| 650 |
|
4 |
|a Τέχνη, Γερμανική
|9 132895
|y 20ός αιώνας.
|
| 830 |
|
0 |
|9 205029
|a Paladin movements and ideas
|
| 942 |
|
|
|2 ddc
|c BK
|
| 952 |
|
|
|0 0
|1 0
|2 ddc
|4 0
|6 700_943000000000000_CAR
|7 0
|9 382208
|a LISP
|b LISP
|c DON
|d 2024-07-22
|e ΜΑΡ
|i 367314
|l 0
|o 700.943 CAR
|p 025000312407
|r 2024-07-22 00:00:00
|t 1
|w 2024-07-22
|y BKN
|
| 999 |
|
|
|c 222051
|d 222051
|